LEADER 01100nam a2200229 i 4500 001 991004121179707536 008 090129s2008 it 000 0 ita d 020 $a9788849515459 035 $ab13805642-39ule_inst 040 $aDip.to Studi Giuridici$bita 082 0 $a346.45 245 00$aDi alcune forme speciali di pubblicità :$bin tema di stato civile, di enti non profit e di usi civici /$cricerca diretta da Gennaro Mariconda 260 $aNapoli [etc.] :$bEdizioni scientifiche italiane,$c2008 300 $a207 p. ;$c24 cm 500 $aSaggi. - In testa al front.: Università degli studi di Cassino, Dipartimento istituzioni, metodi quantitativi e territorio 700 1 $aMariconda, Gennaro$eauthor$4http://id.loc.gov/vocabulary/relators/aut$0282531 907 $a.b13805642$b02-04-14$c29-01-09 912 $a991004121179707536 945 $aLE027 346.45 MAR12.01$g1$i2027000224302$lle027$o-$pE25.00$q-$rl$s- $t0$u3$v0$w3$x0$y.i14979184$z08-06-09 996 $aDi alcune forme speciali di pubblicità$91465024 997 $aUNISALENTO 998 $ale027$b29-01-09$cm$da $e-$fita$git $h0$i0 LEADER 01000nam0 22002651i 450 001 UON00014738 005 20231205101949.82 100 $a20020107d1969 |0itac50 ba 101 $aeng 102 $aGB 105 $a|||| 1|||| 200 1 $aAntigonos Gonatas$fWilliam Woodthorpe Tarn 210 $arist 215 $aOxford$cAt The Clarendon Press, 1969 xi,501 p.$d23 cm n.id. 15599 606 $aMACEDONIA$xSTORIA$xSEC. III A.C.$3UONC005326$2FI 620 $aGB$dOxford$3UONL000029 686 $aPE IV$cPAESI EXTRAASIATICI - STORIA$2A 700 1$aTARN$bWilliam Woodthorpe$3UONV010973$0465610 712 $aClarendon Press$3UONV246509$4650 801 $aIT$bSOL$c20240220$gRICA 899 $aSIBA - SISTEMA BIBLIOTECARIO DI ATENEO$2UONSI 912 $aUON00014738 950 $aSIBA - SISTEMA BIBLIOTECARIO DI ATENEO$dSI PE IV 063 $eSI IR 591 5 063 996 $aAntigonos Gonatas$91196298 997 $aUNIOR